ბათუმის შოთა რუსთაველის სახელმწიფო უნივერსიტეტის ბიბლიოთეკა

Kars. Gezi Rehberi. (ბიბ.ჩანაწერი № 35909)

000 -LEADER
fixed length control field 00343nam a2200169Ia 4500
001 - CONTROL NUMBER
control field 1805
003 - CONTROL NUMBER IDENTIFIER
control field GE_BSU
008 - FIXED-LENGTH DATA ELEMENTS--GENERAL INFORMATION
fixed length control field 181216s||||||||xx |||||||||||||| ||und||
040 ## - CATALOGING SOURCE
Transcribing agency GE_BSU
245 ## - TITLE STATEMENT
Title Kars. Gezi Rehberi.
260 ## - PUBLICATION, DISTRIBUTION, ETC.
Date of publication, distribution, etc. 2010
300 ## - PHYSICAL DESCRIPTION
Extent 80 c. 20.
653 ## - INDEX TERM--UNCONTROLLED
Uncontrolled term .
653 ## - INDEX TERM--UNCONTROLLED
Uncontrolled term Kars. Gezi Rehberi
942 ## - ADDED ENTRY ELEMENTS (KOHA)
Koha item type წიგნი
ეგზემპლარები
Withdrawn status Lost status Damaged status Not for loan Date acquired Barcode Date last seen Price effective from Koha item type Public note
        2018-12-17 3735 2018-12-17 2018-12-17 წიგნი დარბაზი